00893cam a2200265Ia 45000010006000000050017000060080041000230350023000640400018000870200022001050200025001270350020001520900026001720490009001981000035002072450053002422600075002953000033003704400064004039420012004679940014004799460007004939990019005009520108005195031720230411090002.0010424s2000 dr a 000 p spa d a(OCoLC)ocm46801987 aNYPcNYPdGZM a9993430102 (pbk.) a9789993430100 (pbk.) a(OCoLC)46801987 aPQ7409.2.P52bL8 2000 aGRAL1 aPiantini Munnigh, Luis Manuel.10aLuz encarcelada /cLuis Manuel Piantini Munnigh. a[Santo Domingo] :bBanco Central de la República Dominicana,cc2000. a92 p. :bcol. ill. ;c23 cm. 0aColecciâon del Banco Central de la República Dominicana 2lcccbk aC0bDRFGD aJP c110418d110418 00102lcc40708APTaBJBbBJBcAPTd2023-04-11l0p00000052011r2019-02-17 00:00:00t1w2019-02-17ybk